000
nam a22 7a 4500
999
_c
54538
_d
54538
003
OSt
005
20220801154128.0
008
220801b xxu||||| |||| 00| 0 eng d
040
_c
IIMT UNIVERSITY
100
_a
GEETA PRESS GORAKHPUR
245
_a
KALYAN 1970
260
_a
GORAKHPUR
_b
GEETA PRESS
_c
1970
300
_a
378
942
_2
ddc
_c
09